Rubberwood; Swantimber production and recovery studies (Record no. 48172)

MARC details
000 -LEADER
fixed length control field 00942nam a2200145Ia 4500
100 ## - MAIN ENTRY--AUTHOR NAME
Personal name Gan L T
245 #0 - TITLE STATEMENT
Title Rubberwood; Swantimber production and recovery studies
260 ## - PUBLICATION, DISTRIBUTION, ETC. (IMPRINT)
Name of publisher In: Proceedings of the 2nd Rubberwood Seminar, 19-20 November 1985, Forest Research Institute of Malaysia, Kuala Lumpur, Malaysia, pp.97-122.
Year of publication 1985
520 ## - SUMMARY, ETC.
Summary, etc This paper reports the logistics of on-site extraction of Heveawood sawntimber (that can be used for furniture manufacturing) with conventional portable band saws in four replanting areas. Log and sawntimber recoveries from nine 24 to 28 years of old Hevea cultivars comprising two seedling families and seven clonal buddings are also examined. The pros and cons of the system are identified and where necessary, alternatives to overcome shortcomings are proposed.
650 ## - SUBJECT ADDED ENTRY--TOPICAL TERM
Topical Term Rubberwood
700 ## - ADDED ENTRY--PERSONAL NAME
Personal name Chew O K
700 ## - ADDED ENTRY--PERSONAL NAME
Personal name Ho C Y
942 ## - ADDED ENTRY ELEMENTS (KOHA)
Koha item type Bibliography RLWO
Holdings
Withdrawn status Lost status Damaged status Not for loan Home library Current library Date acquired Koha item type
      Bibliography RRII Library RRII Library 31/12/2021 Bibliography RLWO